Pays membres de l'OPEP - Mort Subite - Statistiques

Statistiques générales
  • Ce quiz a été pris 47 fois
  • Le résultat moyen est 3 sur 13
Answers on the Grid
Answers color-coded by a green-red scale on the quiz's grid according to % correct below.
Equateur
Vénézuéla
Nigéria
République Centrafricaine
France
Etats-Unis
Angola
Danemark
Arabie Saoudite
Guinée Equatoriale
République Démocratique du Congo
Russie
Gabon
Zambie
Chine
Egypte
Irak
Congo
Syrie
Azerbaïdjan
Algérie
Tunisie
Jordanie
Iran
Maroc
Yémen
Libye
Afrique du Sud
Emirats Arabes Unis
Koweït
 
Statistiques - réponses
Réponse % Correct
Vénézuéla
71%
Arabie Saoudite
50%
Emirats Arabes Unis
36%
Irak
36%
Iran
29%
Koweït
29%
Libye
25%
Nigéria
25%
Algérie
21%
Gabon
7%
Angola
4%
Congo
0%
Guinée Equatoriale
0%
Aucun quiz correspondant
Distribution des résultats
% des personnes avec chaque résultat
Percentile par nombre de réponses
Votre historique - résultats
Vous n’avez pas pris ce quiz